000 00657nam a2200205Ia 4500
003 GCL
008 140319s9999 xx 000 0 ara d
020 _a4132510977
040 _aGCL /
_cGCL
082 0 4 _a796.0456
_bا ر
100 1 _aاسامة رياض
245 1 0 _aرياضة المعاقين الاسس الطبية والرياضية /
_cاسامة رياض
250 _aالاولى
260 _aالقاهرة :
_bدار الفكر العربى ،
_c2000
300 _a288 ص ؛
_c24 سم
650 0 4 _aالرياضة البدنية
650 0 4 _aالطب الرياضى
650 0 4 _aالمعوقون - الرياضة
942 _2ddc
_cBK
999 _c4895
_d4895